| 000 | 00732 a2200169 4500 | ||
|---|---|---|---|
| 003 | Nust | ||
| 005 | 20230221081633.0 | ||
| 040 | _cNust | ||
| 082 | _a297.63, SID | ||
| 100 |
_aSiddiqui, Abdul Hameed. _9109259 |
||
| 245 |
_aThe life of Muhammad (PBUH) _cAbdul Hameed Siddiqui. |
||
| 260 |
_aNew Delhi _bAdam Pub _c1994 |
||
| 300 | _a 1975. | ||
| 505 | _aArabic before Islam (Page-4), The Dawn (Page-29), The Call (Page-57), The Propaganda Campaign the Holy Prophet (Page-81), The Last Phase of Meccan Life (Page-107), The prophet Gains power (Page-141), The prophet on the Battle Field (Page-187), On the path of Victory (Page-223), Fulfiment of the Mission (Page-271). | ||
| 650 |
_a Muhammad (PBUH) _9109260 |
||
| 942 |
_2ddc _cBK |
||
| 999 |
_c185173 _d185173 |
||